2023 MLB Offensive Statistical Leaders - Statistics

General Stats
  • This quiz has been taken 184 times
  • The average score is 17 of 34
Answer Stats
Players % Correct
Ronald Acuña Jr.
93%
Luis Arraez
88%
Matt Olson
88%
Freddie Freeman
87%
Aaron Judge
84%
Shohei Ohtani
83%
Mookie Betts
81%
Pete Alonso
70%
Corey Seager
69%
Kyle Schwarber
65%
Austin Riley
58%
Bryce Harper
57%
Esteury Ruiz
57%
Corbin Carroll
56%
Ozzie Albies
53%
Bobby Witt Jr.
48%
Bo Bichette
48%
Kyle Tucker
48%
Marcus Semien
48%
Cody Bellinger
46%
Marcell Ozuna
45%
Adolis García
44%
Julio Rodriguez
44%
Juan Soto
42%
Yandy Díaz
39%
Luis Robert Jr.
33%
Max Muncy
30%
MIchael Harris II
29%
Elly De La Cruz
25%
Nick Castellanos
23%
Nico Hoerner
18%
Ha-Seong Kim
17%
CJ Abrams
16%
Willi Castro
9%
No matching quizzes found
Score Distribution
Percent of People with Each Score
Percentile by Number Answered
Your Score History
You have not taken this quiz